| 000 | 00549nam a2200205Ia 4500 | ||
|---|---|---|---|
| 999 |
_c39853 _d39853 |
||
| 003 | OSt | ||
| 005 | 20210204101528.0 | ||
| 008 | 160316s2013 xxu||||| |||| 00| 0 eng d | ||
| 020 | _a9788180388576 | ||
| 040 | _cn | ||
| 082 |
_a344.046000 _bMAJ-2 |
||
| 100 | _aMajumdar Arjya B | ||
| 245 | _aEnvironment and wildlife laws in India | ||
| 260 |
_aHarayana _bLexis Nexis _c2013 |
||
| 300 |
_a303p _cxix |
||
| 365 | _b Rs. 395 | ||
| 650 | _a1. Environment Law - Wildlife - India | ||
| 700 |
_aNandy Debosmita _aMukherjee Swayambhu |
||
| 942 |
_2ddc _cBK |
||